Εργασία, συνδικαλισμός και ισότητα των φύλων : εισηγήσεις σεμιναρίου

Αποθηκεύτηκε σε:
Λεπτομέρειες βιβλιογραφικής εγγραφής
Συγγραφή απο Οργανισμό/Αρχή: European Parliament. Commission for Women's Rights
Άλλοι συγγραφείς: Μαγγανάρα, Ιωάννα (Επιμελητής έκδοσης)
Μορφή: Βιβλίο
Γλώσσα:Greek
Δημοσίευση: [Αθήνα] : Οδυσσέας, [1998]
Θέματα:
Ετικέτες: Προσθήκη ετικέτας
Δεν υπάρχουν, Καταχωρήστε ετικέτα πρώτοι!

MARC

LEADER 00000cam a2200000 i 4500
001 1/104473
008 090429s1998 gre d
020 |a 960-210-326-4 
035 |l 10104430 
040 |a GR-MY-UA  |b gre  |e aacr 
041 0 |a gre 
082 0 |a 331.413309495  |2 (22) 
245 0 0 |a Εργασία, συνδικαλισμός και ισότητα των φύλων :  |b εισηγήσεις σεμιναρίου /  |c επιμέλεια έκδοσης Ιωάννα Μαγγανάρα ; Σύνδεσμος για τα Δικαίωματα της Γυναίκας ; Ευρωπαϊκή Επιτροπή 
260 |a [Αθήνα] :   |b Οδυσσέας,   |c [1998] 
300 |a 302 σ.;  |b πίν.;  |c 21 εκ. 
504 |a Περιέχει βιβλιογραφικές παραπομπές 
650 0 0 |a Women  |x Employment  |z European Union countries. 
650 0 0 |a Sex discrimination in employment  |z European Union countries. 
700 1 |a Μαγγανάρα, Ιωάννα.  |4 edt 
710 2 |a European Parliament.   |b Commission for Women's Rights. 
852 |a INST  |b LESVOS  |e 20090429  |h 331.413309495 ΣΥΝ  |p 005100044813  |q 005100044813  |t BK  |y 0 
901 |a BIBL1-2009-1 
970 |a ΓΙΑΛΑΜΑ  |b ΜΑΡΙΑ  |z 2009/04/29